ბათუმის შოთა რუსთაველის სახელმწიფო უნივერსიტეტის ბიბლიოთეკა

მრავალთავი : (ბიბ.ჩანაწერი № 60132)

000 -ლიდერი
ფიქსირებული სიგრძის საკონტროლო ველი 01386nam a22002177a 4500
003 - საკონტროლო ნომრის იდენტიფიკატორი
საკონტროლო ველი Ge_BSU
005 - ბოლო ოპერაციის თარიღი და დრო
საკონტროლო ველი 20230612115245.0
008 - ფიქსირებული სიგრძის მონაცემთა ელემენტები - ზოგადი ინფორმაცია
ფიქსირებული სიგრძის საკონტროლო ველი 230612s2007 ge ||||| |||| 00| 0 geo d
020 ## - წიგნის საერთაშორისო სტანდარტული ნომერი
International Standard Book Number 9789941909108
041 ## - ენის კოდი
Language code of text/sound track or separate title geo
080 ## - უნივერსალური ათობითი კლასიფიკაციის ინდექსი
Universal Decimal Classification number 091(=351.1) მ-90
245 ## - ცნობა სათაურის შესახებ
Title მრავალთავი :
Remainder of title ფილოლოგიურ ისტორიული ძიებანი. ტ. 22 /
Statement of responsibility, etc სარედ. კოლ. ცისანა აბულაძე, ზაზა ალექსიძე, ქეთევან ბეზარაშვილი და სხვ. ტომის რედ. დ. კლდიაშვილი, თ. ოთხმეზური.
264 ## - წარმოების, გამოცემის, დისტრიბუციის და სხვა ცნობები
გამოცემის, წარმოების, დისტრიბუციის... ადგილი თბილისი,
გამოცემის, წარმოების, დისტრიბუციის... თარიღი 2007.
700 ## - ADDED ENTRY--PERSONAL NAME
Personal name აბულაძე, ცისანა
Relator term რედაქტორი
9 (RLIN) 8038
700 ## - ADDED ENTRY--PERSONAL NAME
Personal name ალექსიძე, ზაზა
Relator term რედაქტორი
9 (RLIN) 18629
700 ## - ADDED ENTRY--PERSONAL NAME
Personal name ბეზარაშვილი, ქეთევან და სხვ.
Relator term რედაქტორი
9 (RLIN) 18630
700 ## - ADDED ENTRY--PERSONAL NAME
Personal name კლდიაშვილი, დ.
Relator term ტომის რედაქტორი
9 (RLIN) 18627
700 ## - ADDED ENTRY--PERSONAL NAME
Personal name ოთხმეზური, თ.
Relator term ტომის რედაქტორი
9 (RLIN) 13020
856 ## - ELECTRONIC LOCATION AND ACCESS
Uniform Resource Identifier https://dspace.nplg.gov.ge/bitstream/1234/259126/5/Mravaltavi_2007_N22.pdf
Link text ელ. კატალოგი. pdf
942 ## - ADDED ENTRY ELEMENTS (KOHA)
Source of classification or shelving scheme
Koha item type წიგნი
ეგზემპლარები
ჩამოწერის სტატუსი დაკარგული ეგზემპლარის სტატუსი კლასიფიკაციის წყარო ან თაროზე გაწყობის სქემა დაზიანების სტატუსი არ გაიცემა მუდმივი მდებარეობა (დაცვის ადგილი) ამჟამინდელი ადგილსამყოფელი თაროზე განთავსების ადგილი შეძენის თარიღი ღირებულება, შესყიდვის ნორმალური ფასი სრული შენახვის შიფრი შტრიხკოდი ბოლო ოპერაციის თარიღი ეგზემპლარის მიმდევრობითი ნომერი (კეტერი?) Uniform Resource Identifier ფასის ძალაში შესვლის თარიღი ეგზემპლარის სახეობა საჯარო შენიშვნა
          ბათუმის შოთა რუსთაველის სახელმწიფო უნივერსიტეტის მთავარი ბიბლიოთეკა ბათუმის შოთა რუსთაველის სახელმწიფო უნივერსიტეტის მთავარი ბიბლიოთეკა წიგნსაცავი 2023-06-12 10.00 091(=351.1) მ-90 64561 2023-06-12 64561 ბსუ-ს საპატიო დოქტორის გურამ ლორთქიფანიძის საჩუქარი 2023-06-12 წიგნი 10 ლ.